| 000 | 01034nam a22002297a 4500 | ||
|---|---|---|---|
| 003 | BJBSDDR | ||
| 005 | 20260507104226.0 | ||
| 007 | ta | ||
| 008 | 260507s2025 nyu||||| |||| 00| 0 eng d | ||
| 020 | _a9781626691988 | ||
| 020 | _a1626691983 | ||
| 040 |
_bspa _cBJBSDDR |
||
| 041 | _aeng | ||
| 050 | _bP971i 2025 | ||
| 100 | 1 |
_aPruitt, Daniel _948332 |
|
| 245 | 1 | 4 |
_aThe illustrated encyclopedia of guns : _ba worldwide collection of fire arms from Hand-Cannons and Flintlocks to Revolvers, Rifles and Semi-Automatics / _cDaniel Pruitt |
| 260 |
_aNew York : _bMoseley Road Inc, _c2025 |
||
| 300 |
_a 256 pages : _billustrations ; _c29cm |
||
| 520 | _aFrom Hand Cannons to high-tech anti-materiel sniper rifles, the imperative of the weapons designer has always been to produce a weapon that is faster, deadlier, and more effective than the weapon in the hands of the opponent. This book traces the development of Guns from prehistory to the battlefields of the twenty-first century | ||
| 942 |
_2lcc _n0 _cBK |
||
| 946 | _icmc | ||
| 999 |
_c127019 _d127019 |
||